ARRUPE JESUIT UNIVERSITY

CORONAVIRUS -STOP THE SPREAD - CLEAN,DISINFECT,COVER

The Mwanawasa years : (Record no. 126633)

MARC details
000 -LEADER
fixed length control field 01063cam a2200313 i 4500
001 - CONTROL NUMBER
control field 19170790
003 - CONTROL NUMBER IDENTIFIER
control field ARRUPE
005 - DATE AND TIME OF LATEST TRANSACTION
control field 20170810123755.0
008 - FIXED-LENGTH DATA ELEMENTS--GENERAL INFORMATION
fixed length control field 160711s2016 za a b 000 0beng
010 ## - LIBRARY OF CONGRESS CONTROL NUMBER
LC control number 2015332466
020 ## - INTERNATIONAL STANDARD BOOK NUMBER
International Standard Book Number 9789982241014
040 ## - CATALOGING SOURCE
Original cataloging agency DLC
Language of cataloging eng
Transcribing agency DLC
Description conventions rda
042 ## - AUTHENTICATION CODE
Authentication code pcc
-- lcode
043 ## - GEOGRAPHIC AREA CODE
Geographic area code f-za---
050 00 - LIBRARY OF CONGRESS CALL NUMBER
Classification number DT3117.M93
Item number N86 2016
300 ## - PHYSICAL DESCRIPTION
Other physical details illustrations (some color) ;
Dimensions 21 cm
100 1# - MAIN ENTRY--PERSONAL NAME
Personal name Ntomba, Reginald.
9 (RLIN) 34715
245 14 - TITLE STATEMENT
Title The Mwanawasa years :
Remainder of title an analysis of his presidency /
Statement of responsibility, etc Reginald Ntomba.
260 ## - PUBLICATION, DISTRIBUTION, ETC. (IMPRINT)
Place of publication, distribution, etc Zambia
Name of publisher, distributor, etc Gadsden Publishers
Date of publication, distribution, etc 2016
300 ## - PHYSICAL DESCRIPTION
Extent 204 pages :
504 ## - BIBLIOGRAPHY, ETC. NOTE
Bibliography, etc Includes bibliographical references (201-204).
600 10 - SUBJECT ADDED ENTRY--PERSONAL NAME
Personal name Mwanawasa, Levy P.,
Dates associated with a name 1948-2008.
9 (RLIN) 34716
650 #0 - SUBJECT ADDED ENTRY--TOPICAL TERM
Topical term or geographic name as entry element Presidents
Geographic subdivision Zambia
Form subdivision Biography.
9 (RLIN) 34717
651 #0 - SUBJECT ADDED ENTRY--GEOGRAPHIC NAME
Geographic name Zambia
General subdivision Politics and government.
9 (RLIN) 34718
906 ## - LOCAL DATA ELEMENT F, LDF (RLIN)
a 7
b cbc
c origode
d 3
e ncip
f 20
g y-gencatlg
942 ## - ADDED ENTRY ELEMENTS (KOHA)
Source of classification or shelving scheme Library of Congress Classification
Koha item type Monograph ( Printed materials)
Holdings
Withdrawn status Lost status Source of classification or shelving scheme Damaged status Not for loan Collection code Home library Current library Shelving location Date acquired Total Checkouts Full call number Barcode Date last seen Price effective from Koha item type
    Library of Congress Classification     Main Collection ARRUPE LIBRARY ARRUPE LIBRARY Main Collection 10/08/2017   DT3117.M98 N961 2016 46500024895 07/12/2017 10/08/2017 Monograph ( Printed materials)

 

Arrupe Library. PO Box MP320 Mt Pleasant, Harare, Zimbabwe
263 242 745411|librarian@aju.ac.zw